000 nam a22 a 4500
999 _c534
_d534
003 AKMAL
005 20170504104246.0
008 170504s1996 enk e 000 0 eng d
020 _a0140230777 (pbk.):
_cRM 26.65
040 _aAKMAL
082 0 4 _a153.42 BON
090 2 0 _a153.42
_bBON
100 1 _aDe Bono, Edward,
_d1933-
_91066
245 1 0 _aTeach yourself to think /
_cEdward de Bono
260 _aLondon :
_bPenguin Books,
_c1996
300 _a254p. ;
_b20cm.
650 1 0 _aThought and thinking
_9913
942 _2ddc
_cBOOK